<?xml version="1.0" encoding="UTF-8"?>
<record
    xmlns:xsi="http://www.w3.org/2001/XMLSchema-instance"
    xsi:schemaLocation="http://www.loc.gov/MARC21/slim http://www.loc.gov/standards/marcxml/schema/MARC21slim.xsd"
    xmlns="http://www.loc.gov/MARC21/slim">

  <leader>02143nam a2200301   4500</leader>
  <controlfield tag="001">159</controlfield>
  <controlfield tag="003">OSt</controlfield>
  <controlfield tag="005">20250528074013.0</controlfield>
  <controlfield tag="008">250129b        |||||||e |||| 00| 1 eng d</controlfield>
  <datafield tag="040" ind1=" " ind2=" ">
    <subfield code="b">por</subfield>
  </datafield>
  <datafield tag="041" ind1=" " ind2=" ">
    <subfield code="h">eng</subfield>
    <subfield code="a">por</subfield>
  </datafield>
  <datafield tag="082" ind1=" " ind2=" ">
    <subfield code="a">813</subfield>
    <subfield code="b">C592o</subfield>
  </datafield>
  <datafield tag="100" ind1="1" ind2=" ">
    <subfield code="a">Clark, Mary Higgins,</subfield>
    <subfield code="d">1927-2020</subfield>
    <subfield code="9">301</subfield>
  </datafield>
  <datafield tag="240" ind1=" " ind2=" ">
    <subfield code="a">Where are the children?</subfield>
  </datafield>
  <datafield tag="245" ind1=" " ind2=" ">
    <subfield code="a">Onde est&#xE3;o as crian&#xE7;as? /</subfield>
    <subfield code="c">Clark, Mary Higgins ; Tradu&#xE7;&#xE3;o de Magali Garcindo de S&#xE1;</subfield>
  </datafield>
  <datafield tag="260" ind1=" " ind2=" ">
    <subfield code="a">S&#xE3;o Paulo</subfield>
    <subfield code="b">C&#xED;rculo do Livro</subfield>
    <subfield code="c">1992</subfield>
  </datafield>
  <datafield tag="300" ind1=" " ind2=" ">
    <subfield code="a">176 p.</subfield>
  </datafield>
  <datafield tag="520" ind1=" " ind2=" ">
    <subfield code="a">"Onde est&#xE3;o as crian&#xE7;as?" foi o primeiro romance policial lan&#xE7;ado por Mary Higgins Clark.
"Onde est&#xE3;o as crian&#xE7;as?" &#xE9; a hist&#xF3;ria de uma mulher cujo passado guarda um terr&#xED;vel segredo. Em um tribunal da Calif&#xF3;rnia, Nancy Harmon foi considerada culpada pelo assassinato de seus dois filhos, mas foi libertada da pris&#xE3;o por uma quest&#xE3;o t&#xE9;cnica do julgamento. Decidida a come&#xE7;ar uma nova vida, ela muda a identidade e deixa S&#xE3;o Francisco, procurando a tranq&#xFC;ilidade de Cape Cod, no litoral de Massachusetts. Sete anos ap&#xF3;s o julgamento, Nancy est&#xE1; novamente casada e tem dois filhos: Michael e Missy. Enfim ela sente que conseguiu recuperar tudo o que havia perdido. E &#xE9; ent&#xE3;o que o pesadelo recome&#xE7;a.

Um jornal local de Cape Cod publica um artigo sobre um famoso caso de assassinato na Calif&#xF3;rnia que envolveu uma m&#xE3;e acusada de matar os dois filhos. Na mat&#xE9;ria, h&#xE1; uma foto de Nancy. Na mesma manh&#xE3;, Michael e Missy desaparecem. As crian&#xE7;as estavam brincando no quintal quando desaparecem... E a &#xFA;nica pista &#xE9; uma luva vermelha de Missy.

Enquanto Nancy se torna a principal suspeita do desaparecimento dos filhos, ningu&#xE9;m na pequena cidade de Cape Cod est&#xE1; ciente de um estranho em seu meio, algu&#xE9;m cujos planos para se vingar v&#xEA;m sendo alimentados h&#xE1; sete anos.
</subfield>
  </datafield>
  <datafield tag="650" ind1=" " ind2="0">
    <subfield code="a">Literatura Americana</subfield>
    <subfield code="9">84</subfield>
  </datafield>
  <datafield tag="650" ind1=" " ind2="0">
    <subfield code="a">Crime e Investiga&#xE7;&#xE3;o </subfield>
    <subfield code="9">13</subfield>
  </datafield>
  <datafield tag="650" ind1=" " ind2="0">
    <subfield code="a">Romance Policial </subfield>
    <subfield code="9">11</subfield>
  </datafield>
  <datafield tag="650" ind1=" " ind2="0">
    <subfield code="a">Suspense</subfield>
    <subfield code="9">10</subfield>
  </datafield>
  <datafield tag="650" ind1=" " ind2="0">
    <subfield code="a">Mist&#xE9;rio</subfield>
    <subfield code="9">42</subfield>
  </datafield>
  <datafield tag="655" ind1=" " ind2="0">
    <subfield code="a">Romance</subfield>
    <subfield code="9">23</subfield>
  </datafield>
  <datafield tag="655" ind1=" " ind2="0">
    <subfield code="a">Fic&#xE7;&#xE3;o </subfield>
    <subfield code="9">22</subfield>
  </datafield>
  <datafield tag="700" ind1=" " ind2=" ">
    <subfield code="a">Magali Garcindo de S&#xE1;</subfield>
    <subfield code="e">Tradutor</subfield>
    <subfield code="9">303</subfield>
  </datafield>
  <datafield tag="942" ind1=" " ind2=" ">
    <subfield code="2">ddc</subfield>
    <subfield code="n">0</subfield>
    <subfield code="c">BK</subfield>
  </datafield>
  <datafield tag="952" ind1=" " ind2=" ">
    <subfield code="0">0</subfield>
    <subfield code="1">0</subfield>
    <subfield code="2">ddc</subfield>
    <subfield code="4">0</subfield>
    <subfield code="7">0</subfield>
    <subfield code="8">FIC</subfield>
    <subfield code="a">BIBIB</subfield>
    <subfield code="b">BIBIB</subfield>
    <subfield code="c">LE</subfield>
    <subfield code="d">1991-03-11</subfield>
    <subfield code="e">doa&#xE7;&#xE3;o</subfield>
    <subfield code="l">0</subfield>
    <subfield code="o">813 / C592o</subfield>
    <subfield code="p">2025-8939</subfield>
    <subfield code="r">2025-01-29 13:30:54</subfield>
    <subfield code="w">2025-01-29</subfield>
    <subfield code="y">BK</subfield>
  </datafield>
  <datafield tag="999" ind1=" " ind2=" ">
    <subfield code="c">159</subfield>
    <subfield code="d">159</subfield>
  </datafield>
</record>
